[Event "21st Alekhine FIDE 2017"]
[Site "Voronezh"]
[Date "2017.06.17"]
[Round "6"]
[White "Filippov, Vladimir"]
[Black "Chekletsov, Egor"]
[Result "*"]
[WhiteElo "1882"]
[BlackElo "2070"]
[Annotator "NA RC"]
[PlyCount "30"]
[EventDate "2017.??.??"]
[EventType "swiss"]
[EventCountry "RUS"]
[SourceTitle "playchess.com"]
[Source "ChessBase"]
[SourceQuality "1"]
[TimeControl "40/5400+30:1800+30"]

{[%evp 9,22,0,6,-11,-4,-13,-16,0,5,-7,2,8,7,0,7]} 1. Nf3 Nf6 2. e3 g6 3. d4 Bg7 4. Nbd2 d6 5. c3 O-O 6. Bd3 c5 7. Qc2 Nc6 8. O-O e5 9. dxc5 dxc5 10. Rd1 Qe7 11. e4 Nh5 $11 12. g3 Kh8 13. Nf1 Bg4 14. Be2 f5 15. Ne3 fxe4 *

[Event "21st Alekhine FIDE 2017"]
[Site "Voronezh"]
[Date "2017.06.17"]
[Round "6"]
[White "Rybakova, Polina"]
[Black "Filippov, Ivan"]
[Result "0-1"]
[WhiteElo "1847"]
[BlackElo "2041"]
[Annotator "NA RC"]
[PlyCount "94"]
[EventDate "2017.??.??"]
[EventType "swiss"]
[EventCountry "RUS"]
[SourceTitle "playchess.com"]
[Source "ChessBase"]
[SourceQuality "1"]
[TimeControl "40/5400+30:1800+30"]

1. e4 {[%emt 0:00:00]} d5 {[%emt 0:00:23]} 2. exd5 {[%emt 0:00:00]} Qxd5 {[%emt 0:00:05]} 3. Nc3 {[%emt 0:00:00]} Qa5 {[%emt 0:00:06]} 4. Nf3 {[%emt 0:00:51]} Nf6 {[%emt 0:00:13]} 5. Be2 {[%emt 0:00:22]} c6 {[%emt 0:05:39]} 6. O-O {[%emt 0:00:17]} Bg4 {[%emt 0:00:06]} 7. d4 {[%emt 0:00:18]} e6 {[%emt 0:00:51]} 8. Ne5 {[%emt 0:01:47]} Bxe2 {[%emt 0:02:18]} 9. Qxe2 {[%emt 0:00:30]} Be7 {[%emt 0:00:12]} 10. Ng4 {[%emt 0:03:55]} Nbd7 {[%emt 0:01:38]} 11. Nxf6+ {[%emt 0:00:23]} Nxf6 {[%emt 0:00:33]} 12. Ne4 {[%emt 0:00:32]} Qf5 {[%emt 0:00:55]} 13. Nxf6+ {[%emt 0:01:24]} Bxf6 {[%emt 0:00:09]} 14. c3 {[%emt 0:00:14]} O-O {[%emt 0:00:49]} 15. f3 {[%emt 0:01:37]} Rfe8 {[%emt 0:06:21]} 16. Re1 {[%emt 0:02:48]} e5 {[%emt 0:02:31]} 17. dxe5 {[%emt 0:04:06]} Rxe5 {[%emt 0:00:43]} 18. Qf2 {[%emt 0:00:21]} Rae8 {[%emt 0:09:41]} 19. Bd2 {[%emt 0:04:47]} a6 {[%emt 0:05:05]} 20. Rxe5 {[%emt 0:01:09]} Rxe5 {[%emt 0:00:00]} 21. Re1 {[%emt 0:00:19]} h6 {[%emt 0:03:21]} 22. Be3 {[%emt 0:01:36]} Qe6 {[%emt 0:00:59]} 23. b3 {[%emt 0:11:30]} Be7 {[%emt 0:10:23]} 24. Kf1 {[%emt 0:01:55]} Bd6 {[%emt 0:01:06]} 25. h3 {[%emt 0:02:19]} f5 {[%emt 0:06:58]} 26. g4 {[%emt 0:06:54]} fxg4 {[%emt 0:02:07]} 27. fxg4 {[%emt 0:03:48]} Qd5 {[%emt 0:00:46]} 28. Qg2 {[%emt 0:11:45]} Qd3+ {[%emt 0:01:04]} 29. Kf2 {[%emt 0:03:07]} Qxc3 {[%emt 0:01:24]} 30. Qf3 {[%emt 0:04:00]} Bc5 {[%emt 0:03:51]} 31. Re2 {[%emt 0:01:23]} Bxe3+ {[%emt 0:00:31]} 32. Rxe3 {[%emt 0:00:21]} Qd2+ {[%emt 0:00:27]} 33. Re2 {[%emt 0:00:30]} Rxe2+ {[%emt 0:00:03]} 34. Qxe2 {[%emt 0:00:06]} Qxe2+ {[%emt 0:00:08]} 35. Kxe2 {[%emt 0:00:05]} Kf7 {[%emt 0:00:18]} 36. Kf3 {[%emt 0:00:19]} Kf6 {[%emt 0:00:38]} 37. Kf4 {[%emt 0:00:15]} g5+ {[%emt 0:00:41]} 38. Ke4 {[%emt 0:00:05]} Ke6 {[%emt 0:00:08]} 39. Kd4 {[%emt 0:00:07]} b6 {[%emt 0:00:23]} 40. b4 {[%emt 0:02:34]} Kd6 {[%emt 0:30:15]} 41. a3 {[%emt 0:30:12]} c5+ {[%emt 0:00:30]} 42. Kc4 {[%emt 0:02:20]} b5+ {[%emt 0:01:16]} 43. Kc3 {[%emt 0:00:15]} Kd5 {[%emt 0:00:17]} 44. bxc5 {[%emt 0:00:57]} Kxc5 {[%emt 0:00:05]} 45. Kd3 {[%emt 0:00:07]} a5 {[%emt 0:00:17]} 46. Kc3 {[%emt 0:00:43]} Kd5 {[%emt 0:00:09]} 47. Kd3 {[%emt 0:00:07]} Ke5 {[%emt 0:00:09] Kd4+} 0-1

[Event "21st Alekhine FIDE 2017"]
[Site "Voronezh"]
[Date "2017.06.17"]
[Round "6"]
[White "Mezhov, Dmitriy"]
[Black "Khajrutdinov, Ildar"]
[Result "1/2-1/2"]
[WhiteElo "1809"]
[BlackElo "2087"]
[Annotator "NA RC"]
[PlyCount "125"]
[EventDate "2017.??.??"]
[EventType "swiss"]
[EventCountry "RUS"]
[SourceTitle "playchess.com"]
[Source "ChessBase"]
[SourceQuality "1"]
[TimeControl "40/5400+30:1800+30"]

1. d4 {[%emt 0:00:00]} Nf6 {[%emt 0:00:13]} 2. c4 {[%emt 0:00:00]} e6 {[%emt 0:00:08]} 3. Nf3 {[%emt 0:00:00]} b6 {[%emt 0:00:10]} 4. g3 {[%emt 0:00:43]} Ba6 {[%emt 0:00:49]} 5. Qa4 {[%emt 0:00:35]} c5 {[%emt 0:01:53]} 6. Bg2 {[%emt 0:01:07]} Bb7 {[%emt 0:00:06]} 7. O-O {[%emt 0:00:12]} cxd4 {[%emt 0:03:31]} 8. Nxd4 {[%emt 0:00:11]} Bxg2 {[%emt 0:00:18]} 9. Kxg2 {[%emt 0:00:04]} Qc8 {[%emt 0:02:02]} 10. Bf4 {[%emt 0:07:44] E15: Queen's Indian: 4 g3 sidelines, 4 g3 Ba6 and 4 g3 Bb7 early deviations} (10. Rd1 Qb7+ 11. f3 Bc5 12. Nc3 O-O 13. Bg5 Ng4 14. Ne4 h6 15. Bc1 Be7 16. Nb5 Ne5 17. Bf4 Ng6 18. Bd6 {0-1 (55) Nikolic,P (2603)-Navara,D (2734) Berlin 2015}) 10... a6 {[%emt 0:07:47] LiveBook: 6 Games} (10... Bc5 $5 {[%cal Rc5d4]} 11. Nf3 O-O $11) 11. Nd2 {[%emt 0:03:10]} Qb7+ $146 {[%emt 0:07:44]} ({Predecessor:} 11... Be7 12. N4f3 Qb7 13. Rac1 O-O 14. Rfe1 d6 15. e4 Nbd7 16. Qc2 b5 17. b3 Rfc8 {½-½ (27) Gerber,K-Woizech,A ICCF corr 1978}) 12. N2f3 {[%emt 0:00:06]} Be7 {[%emt 0:01:25]} 13. Rac1 {[%emt 0:28:43]} O-O {[%emt 0:02:52]} 14. h3 {[%emt 0:02:23]} d6 {[%emt 0:05:58]} 15. Be3 {[%emt 0:00:06]} Rc8 {[%emt 0:01:33]} 16. Rfd1 {[%emt 0:06:31]} Nbd7 {[%emt 0:02:17]} 17. b4 {[%emt 0:07:28]} Ne5 {[%emt 0:18:18]} 18. Qb3 {[%emt 0:00:27]} b5 {[%emt 0:03:01]} 19. cxb5 {[%emt 0:04:30]} axb5 {[%emt 0:00:17]} 20. Rxc8+ {[%emt 0:01:38]} Rxc8 {[%emt 0:00:13]} 21. a4 {[%emt 0:01:23]} bxa4 {[%emt 0:01:24]} 22. Qxa4 {[%emt 0:00:04]} Nc4 {[%emt 0:01:25]} 23. Rb1 {[%emt 0:15:19]} Nd5 {[%emt 0:03:39]} 24. Rb3 {[%emt 0:06:50]} Ndxe3+ {[%emt 0:15:50]} 25. fxe3 {[%emt 0:00:06] [#]} Bf6 $2 {[%emt 0:07:07]} (25... d5 $1 $19 26. Qb5 Qxb5 27. Nxb5 Rb8) 26. Kf2 {[%emt 0:08:57]} e5 {[%emt 0:01:26]} 27. Qb5 {[%emt 0:00:59]} Qxb5 {[%emt 0:06:27]} 28. Nxb5 {[%emt 0:00:06]} d5 {[%emt 0:02:18]} 29. Na7 {[%emt 0:00:45]} Rc7 {[%emt 0:01:05]} 30. Nb5 {[%emt 0:00:03]} Rc6 {[%emt 0:00:43]} 31. Na3 {[%emt 0:00:35]} Nb6 {[%emt 0:01:29]} 32. b5 {[%emt 0:00:54]} Rc1 {[%emt 0:00:32]} 33. Nb1 {[%emt 0:00:09]} Kf8 {[%emt 0:00:27]} 34. Nc3 {[%emt 0:02:33]} e4 {[%emt 0:02:06]} 35. Nd4 {[%emt 0:00:11]} Ke7 {[%emt 0:00:49]} 36. Na2 {[%emt 0:02:06]} Rc5 {[%emt 0:00:26]} 37. Nb4 {[%emt 0:00:11]} g6 {[%emt 0:00:32]} 38. Nbc6+ {[%emt 0:00:21]} Kd6 {[%emt 0:00:19]} 39. Ra3 {[%emt 0:00:03]} Bxd4 {[%emt 0:00:26]} 40. Nxd4 {[%emt 0:00:04]} Rc7 {[%emt 0:30:47]} 41. g4 {[%emt 0:30:34]} h6 {[%emt 0:00:20]} 42. Kg3 {[%emt 0:00:43]} Rb7 {[%emt 0:00:25]} 43. h4 {[%emt 0:00:34]} Nc4 {[%emt 0:00:38]} 44. Ra6+ {[%emt 0:00:04]} Nb6 {[%emt 0:00:40]} 45. h5 {[%emt 0:00:33]} Kc5 {[%emt 0:00:21]} 46. g5 {[%emt 0:01:19]} hxg5 {[%emt 0:00:32]} 47. h6 {[%emt 0:00:59]} f5 $2 {[%emt 0:00:16]} (47... f6 $1 $11 {and Black stays safe.}) 48. Ne6+ {[%emt 0:00:45]} Kxb5 {[%emt 0:00:13]} 49. Ra1 {[%emt 0:00:10]} Rh7 {[%emt 0:01:02]} 50. Rh1 {[%emt 0:00:03]} Nc8 {[%emt 0:00:38]} 51. Nf8 {[%emt 0:00:27]} Rh8 {[%emt 0:00:10]} 52. Nxg6 {[%emt 0:00:19]} Rh7 {[%emt 0:00:01]} 53. Nf8 {[%emt 0:02:04]} Rh8 {[%emt 0:00:03]} 54. h7 {[%emt 0:00:09]} Rxf8 {[%emt 0:01:41]} 55. h8=Q {[%emt 0:00:04]} Rxh8 {[%emt 0:00:36]} 56. Rxh8 {[%emt 0:00:05]} Nd6 {[%emt 0:00:29]} 57. Rg8 {[%emt 0:00:31]} Nc4 {[%emt 0:00:24]} 58. Rxg5 {[%emt 0:00:34]} Nxe3 {[%emt 0:00:11]} 59. Kf4 {[%emt 0:00:33]} d4 {[%emt 0:00:29]} 60. Rg3 {[%emt 0:01:13]} Kc4 {[%emt 0:00:40]} 61. Rxe3 {[%emt 0:00:20]} dxe3 {[%emt 0:00:06]} 62. Kxf5 {[%emt 0:00:01]} Kd5 $11 {[%emt 0:01:10]} (62... Kd4 $5) 63. Kf4 {[%emt 0:00:05]} 1/2-1/2

[Event "21st Alekhine FIDE 2017"]
[Site "Voronezh"]
[Date "2017.06.19"]
[Round "8"]
[White "Manukovsky, Vladimir"]
[Black "Peschansky, Mikhail"]
[Result "1/2-1/2"]
[WhiteElo "2200"]
[BlackElo "2162"]
[Annotator "TA"]
[PlyCount "97"]
[EventDate "2017.??.??"]
[EventType "swiss"]
[EventCountry "RUS"]
[SourceTitle "playchess.com"]
[Source "ChessBase"]
[SourceQuality "1"]

{[%evp 17,97,-64,-68,-66,-60,-74,-79,-115,-110,-110,-93,-103,-104,-128,-100,-101,-101,-117,-96,-122,-119,-122,-113,-144,-139,-138,-113,-315,-303,-336,-177,-169,-130,-239,-135,-136,-130,-149,-124,-148,-154,-175,-151,-153,-68,-94,-91,-93,-97,-89,-90,-95,-77,-302,-301,-306,-289,-250,-166,-133,-147,-260,-256,-262,-247,-264,-203,-177,-93,-222,0,0,0,0,0,0,0,0,0,0,0,0]} 1. e4 g6 2. Nc3 Bg7 3. f4 c5 4. Nf3 Nc6 5. Bc4 e6 6. O-O Nge7 {[%cal Bg8e7,Be7c6,Bc6d4][%mdl 32]} 7. d3 d5 8. Bb5 O-O 9. Bxc6 Nxc6 10. Qe1 {B23: Closed Sicilian: Lines without g3} Nd4 11. Qf2 b6 12. Kh1 $146 {Black is better.} ({Predecessor:} 12. e5 Nxf3+ 13. Qxf3 f6 14. Qg3 fxe5 15. fxe5 Rxf1+ 16. Kxf1 Qc7 17. Bf4 Bd7 {0-1 (36) Rosen,D (2132)-Mordue,A (2290) Paington 2006}) 12... Bb7 13. e5 Nxf3 14. Qxf3 f6 15. Qh3 Qd7 16. exf6 Rxf6 17. Bd2 Raf8 18. Rf3 Rf5 19. Raf1 b5 20. a3 a5 21. Kg1 b4 22. axb4 $2 (22. Nd1 $17) 22... cxb4 $19 (22... axb4 $2 23. Nd1 $19) 23. Nd1 {[%cal Bc3d1,Bd1e3,Be3c4][%mdl 32]} Rc8 (23... d4 $142 24. R3f2 Rc8) 24. Ne3 Rh5 25. Qg4 (25. Qg3 $17) 25... d4 ({Black should play} 25... Bxb2 $19 26. Rg3 Kh8) 26. Nc4 $17 Bxf3 27. Rxf3 Rf8 28. b3 Rhf5 29. Rf1 {[%cal Bf3f1,Bf1e1,Be1e4][%mdl 32]} Qc7 30. Re1 Re8 (30... Bh6 $17 {[%cal Rh6f4]} 31. g3 e5 $1 {[%mdl 512]}) 31. g3 Qc6 32. Re4 a4 33. Bxb4 axb3 34. cxb3 Rb8 {[%cal Be8b8,Bb8b3,Bb3b1,Bb1g1,Bg1c1][%mdl 32]} 35. Bd6 $2 (35. Be1 $17 {is a better defense.}) 35... Rxb3 $19 36. Qe2 Rb1+ 37. Kf2 h6 38. g4 Rf7 39. Kg3 (39. Rxe6 $17 {was the only defense.} Kh7 40. Re4) 39... Rg1+ 40. Kf2 Rc1 41. Rxe6 Qh1 42. Kg3 {[#]} Kh7 (42... g5 $1 $19 {[%cal Rg5f4] ...gxf4+ is the strong threat.} 43. f5 {[#]} h5 $1 {[%mdl 512]} 44. gxh5 Rxf5) 43. Qe4 (43. Nd2 $17 {is the only way for White.}) 43... Qg1+ $2 (43... Qxe4 $19 44. Rxe4 Rd1) 44. Kh3 $11 {The position is equal.} Qf1+ 45. Kg3 Rf6 46. Re7 $1 Qg1+ 47. Kh3 $1 Qf1+ 48. Kg3 {Strongly threatening Be5.} Qg1+ 49. Kh3 $1 {Precision: White = 43%, Black = 46%.} 1/2-1/2

[Event "21st Alekhine FIDE 2017"]
[Site "Voronezh"]
[Date "2017.06.19"]
[Round "8"]
[White "Ponomariov, Timur"]
[Black "Arbuzov, Mikhail"]
[Result "0-1"]
[WhiteElo "2196"]
[BlackElo "2022"]
[Annotator "TA"]
[PlyCount "108"]
[EventDate "2017.??.??"]
[EventType "swiss"]
[EventCountry "RUS"]
[SourceTitle "playchess.com"]
[Source "ChessBase"]
[SourceQuality "1"]

{[%evp 16,108,12,13,82,72,68,52,41,50,33,13,21,24,21,13,19,21,22,0,0,0,0,-24,-9,-37,-41,-43,-42,-89,-100,-86,-66,-134,-101,-102,-96,-100,-98,-93,-37,-39,-43,-50,-37,-66,-65,-66,-57,-72,0,-113,-111,-98,-95,-147,-147,-147,-147,-147,-147,-147,-147,-138,-66,-75,0,-37,-49,-80,-76,-60,-8,-162,-86,-830,-786,-911,-887,-981,-868,-1645,-2211,-1247,-1008,-976,-884,-29964,-29973,-29968,-29974,-29973,-29974,-29985,-29986]} 1. e4 c5 2. Nf3 d6 3. d4 cxd4 4. Nxd4 Nf6 5. f3 e5 6. Bb5+ Bd7 7. Bxd7+ Qxd7 8. Nf5 d5 9. Bg5 {And now Bxf6 would win.} Nc6 {B55: Sicilian: 2...d6 3 d4 cxd4 4 Nxd4 Nf6 5 f3} (9... d4 $11) (9... dxe4 10. Bxf6 Qxd1+ 11. Kxd1 gxf6 12. fxe4 Rg8 13. g3 Na6 14. Nc3 Nc7 15. Ke2 Bb4 16. Nd1 Bc5 17. c3 Ne6 18. b4 Bb6 19. h4 h5 20. Nb2 {½-½ (40) Jakubowski,K (2561)-Pakleza,Z (2498) Katowice 2015}) 10. Bxf6 gxf6 11. Qxd5 Qxd5 {White is slightly better.} 12. exd5 Nb4 13. Ne3 {White wants to play a3.} (13. Na3 {feels hotter.} Rg8 14. g3 Rc8 15. c4 Nd3+ 16. Ke2) 13... Bc5 14. a3 Nd3+ $1 15. cxd3 Bxe3 16. Nc3 O-O-O 17. Ne4 $146 ({Predecessor:} 17. Ke2 Bd4 18. Rac1 Kb8 {½-½ (18) Nordstrom,F (2165)-Landgren,A (2050) Ronneby 1998}) 17... Rxd5 18. Ke2 Bd4 19. Rac1+ Kb8 20. Rc2 f5 $36 {[%mdl 2048] Black has some pressure.} 21. Ng3 Rg8 {aiming for ...f4.} 22. Ke1 Rg5 23. Ne2 Bb6 24. Nc1 (24. g3 $1 $15) 24... Be3 25. g3 Bxc1 26. Rxc1 Rxd3 $17 {[%mdl 4096] Endgame KRR-KRR} 27. Ke2 Rd8 (27... Rb3 $17 28. Rc2 Rh5) 28. Rhd1 Rxd1 29. Rxd1 $15 {KR-KR} Kc7 30. Rd5 f6 $1 31. Ke3 Rg7 32. f4 Rd7 (32... Re7 $17) 33. Rc5+ (33. Ra5 $1 $11) 33... Kd6 $1 $17 {[%cal Rd6c5]} 34. Rc8 Ke6 35. Rh8 ({Better is} 35. fxe5 fxe5 36. Re8+ Kf6 37. Rf8+ Kg6 38. Rg8+ Kf7 39. Rh8) 35... e4 $1 36. Ke2 Rd3 37. Rxh7 Rb3 38. h4 Rxb2+ 39. Kf1 Kd5 (39... Rb3 $17 40. Kf2 Rb2+ 41. Ke3 a5) 40. h5 $15 Kd4 (40... e3 $17 41. Re7 Rh2 42. Rxe3 Rxh5) 41. h6 Rh2 42. Kg1 Rh5 $1 43. Kg2 {Threatening Rd7+.} b5 (43... a6 $15) 44. Rh8 $2 {[#]} (44. Rxa7 $11 {and White has nothing to worry.} Rxh6 45. Rd7+ Kc5 46. Rc7+ Kd4 47. Rb7) 44... Ke3 (44... a5 $1 $19 45. Kf2 e3+ 46. Kf3 Rh2 47. Rd8+ Kc4 48. Kxe3 Rxh6 49. Rc8+ Kb3) 45. h7 $2 {[%mdl 8192]} (45. Rb8 $17) 45... a6 $19 46. Rf8 Rxh7 47. Rxf6 Rd7 48. Rxf5 Rd2+ 49. Kh3 Kf3 50. Re5 Rg2 51. Rxe4 Rxg3+ {Black mates.} 52. Kh4 Kxe4 53. Kxg3 {[#]} a5 $1 54. Kg4 b4 {Precision: White = 43%, Black = 64%.} 0-1

[Event "21st Alekhine FIDE 2017"]
[Site "Voronezh"]
[Date "2017.06.19"]
[Round "8"]
[White "Provkin, Vladimir"]
[Black "Kondaurov, Yury"]
[Result "1-0"]
[WhiteElo "2163"]
[BlackElo "2046"]
[Annotator "TA"]
[PlyCount "53"]
[EventDate "2017.??.??"]
[EventType "swiss"]
[EventCountry "RUS"]
[SourceTitle "playchess.com"]
[Source "ChessBase"]
[SourceQuality "1"]

{[%evp 12,53,0,0,34,34,92,66,115,108,160,133,140,148,180,187,251,89,68,73,47,27,105,114,148,159,159,154,135,89,94,101,333,342,764,402,396,372,424,413,483,493,484,475]} 1. d4 Nf6 2. Bg5 c5 3. d5 Qb6 4. Nc3 Qxb2 5. Bd2 Qb6 6. e4 {[%cal Be2e4,Be4e5][%mdl 32]} d6 7. f4 Qc7 {A45: Trompowsky Attack} (7... a6 8. e5 Nfd7 9. Nf3 g6 10. Rb1 Qc7 11. Ng5 h6 12. Nxf7 Kxf7 13. e6+ Ke8 14. exd7+ Nxd7 15. Bd3 {1-0 (42) Andreikin,D (2732)-Thorfinnsson,B (2419) Reykjavik 2016}) 8. Nf3 {[%mdl 1024] White has compensation.} a6 $146 (8... Bg4 $14) ({Predecessor:} 8... Bg4 9. e5 dxe5 10. fxe5 Bxf3 11. Qxf3 Qxe5+ 12. Be2 g5 13. Rb1 g4 14. Qd3 Bg7 15. Rxb7 {½-½ (23) Ehlvest,J (2618)-Kudrin,S (2551) Reno 2005}) 9. e5 $1 $16 {[%cal Re5f6]} Ng4 {White is slightly better.} 10. Qe2 e6 (10... h5 $142) 11. Ng5 Nh6 12. O-O-O $1 {aiming for exd6.} Nf5 {[#]} 13. dxe6 $1 Bxe6 {[#]} (13... fxe6 $142 14. Nd5 Qc6) 14. Nxe6 $2 (14. exd6 $1 $18 {is the precise move to win.} Qxd6 15. Qe4) 14... fxe6 15. exd6 $1 Qxd6 16. Qe4 Qc6 (16... Nc6 $11 {keeps the balance.}) 17. Bc4 {Hoping for Bd5.} Nd4 18. Bd5 $36 {[%mdl 2048] White has strong initiative.} Qd6 19. Rhe1 ({Don't take} 19. Bxb7 $6 Ra7 $14) 19... Nbc6 20. f5 {[%cal Rd5e6,Bf4f5,Bf5e6][%mdl 32] Strongly threatening Bxe6.} O-O-O 21. fxe6 Qc7 $2 (21... c4 $16 {was worth a try.}) 22. Bxc6 $18 Nxc6 $2 (22... Qxc6 23. e7 Bxe7 24. Qxe7 Rd7) 23. Nd5 Rxd5 24. Qxd5 Bd6 25. Bg5 Bf4+ 26. Bxf4 Qxf4+ 27. Rd2 {Precision: White = 68%, Black = 18%.} 1-0

[Event "21st Alekhine FIDE 2017"]
[Site "Voronezh"]
[Date "2017.06.19"]
[Round "8"]
[White "Maratkanov, Evgeny"]
[Black "Sokolovsky, Victor"]
[Result "1-0"]
[WhiteElo "2145"]
[BlackElo "1896"]
[Annotator "TA"]
[PlyCount "123"]
[EventDate "2017.??.??"]
[EventType "swiss"]
[EventCountry "RUS"]
[SourceTitle "playchess.com"]
[Source "ChessBase"]
[SourceQuality "1"]

{[%evp 21,123,30,36,20,39,17,9,0,20,0,33,17,39,39,42,52,63,45,53,59,27,37,38,16,105,109,108,108,106,96,104,106,118,105,113,117,133,125,131,128,155,155,158,158,202,185,219,223,335,335,334,319,308,318,375,361,464,439,504,389,419,411,413,333,446,412,1266,1266,910,556,5743,1820,29964,29963,12796,10401,6119,6050,29974,29975,29972,29976,29972,29975,29983,29984,29984,29985,29989,29990,29990,29991,29991,29992,29994,29995,29995,29996,29996,29997,29997,29998,29998,29999]} 1. d4 d5 2. c4 e6 3. Nf3 c5 4. cxd5 exd5 5. Nc3 Nf6 6. g3 Nc6 7. Bg2 Be7 8. O-O O-O 9. b3 Bg4 10. dxc5 Bxc5 11. Bb2 Re8 12. h3 {D34: Tarrasch Defence: 6 g3 Nf6 7 Bg2 Be7} (12. Rc1 Bb4 13. h3 Bh5 14. a3 Bxc3 15. Bxc3 Ne4 16. Bb2 Qb6 17. g4 Bg6 18. Nd4 Rac8 19. e3 h6 20. Ne2 {1-0 (74) Mamedov,R (2651)-Ganguly,S (2626) Moscow 2013}) 12... Bf5 13. Nh4 $146 ({Predecessor:} 13. Rc1 Bf8 14. Nd4 Bg6 15. Nxc6 bxc6 16. e3 Rc8 17. Qd4 Qd7 18. Rfd1 h5 19. Qa4 Bf5 {1-0 (42) Larino Nieto,D (2484)-Gonzalez Trigal,J (2296) Bilbao 2016}) 13... Be4 14. Nxe4 {The position is equal.} Nxe4 15. e3 Qd7 16. Nf3 (16. Rc1 $5 {[%cal Rg2e4]} b6 17. a3 $14) 16... Rad8 17. Nd4 Ne5 18. Qe2 a6 19. Rad1 Nc6 20. Nxc6 bxc6 21. Qc2 {[#] aiming for Bxe4.} Bb6 22. Rc1 (22. Bxe4 $5 Rxe4 23. Qxe4 dxe4 24. Rxd7 Rxd7 25. Rc1 $14) 22... Re6 (22... Rc8 $11) 23. Bxe4 $1 $16 dxe4 24. Rfd1 Qe7 25. Rxd8+ Qxd8 26. Rd1 Qg5 27. Bd4 Bc7 28. Qc5 h6 29. Qxg5 hxg5 {[%mdl 4096] Endgame KRB-KRB} 30. Rc1 f5 31. Rc5 g6 32. g4 Bb6 33. gxf5 gxf5 34. Rxf5 Bd8 (34... Bxd4 $142 35. exd4 e3) 35. Kg2 $18 Kh7 36. Rf7+ Kg6 37. Ra7 a5 38. Bc3 Kh5 39. Bxa5 Bf6 40. Rd7 g4 41. hxg4+ Kxg4 42. Bd8 Bc3 43. Re7 Kf5 (43... Rd6 $142 44. Rxe4+ Kf5) 44. Rxe6 Kxe6 {KB-KB} 45. Bb6 Kd5 46. Kg3 (46. a4 $142 c5 47. a5) 46... Be1 47. a4 {[%cal Ba2a4,Ba4a5][%mdl 32]} c5 48. a5 Kc6 49. Kf4 Bxf2 50. Kxe4 {White mates.} Kb5 51. Kf4 Be1 52. e4 Bxa5 53. Bxa5 Kxa5 {KPP-KP} 54. e5 Kb4 55. e6 Kxb3 {KP-KP} 56. e7 c4 57. e8=Q c3 58. Qb5+ Ka2 59. Ke3 c2 60. Kd2 c1=Q+ 61. Kxc1 {[%csl Gc1][%cal Rb5b2]} Ka3 62. Kc2 {Precision: White = 66%, Black = 28%.} 1-0

[Event "21st Alekhine FIDE 2017"]
[Site "Voronezh"]
[Date "2017.06.19"]
[Round "8"]
[White "Lepaev, Andrey"]
[Black "Khajrutdinov, Ildar"]
[Result "1-0"]
[WhiteElo "2059"]
[BlackElo "2087"]
[Annotator "NA RC"]
[PlyCount "80"]
[EventDate "2017.??.??"]
[EventType "swiss"]
[EventCountry "RUS"]
[SourceTitle "playchess.com"]
[Source "ChessBase"]
[SourceQuality "1"]
[TimeControl "40/5400+30:1800+30"]

{[%evp 17,58,14,12,21,26,14,11,-7,6,0,29,19,18,-13,-9,-10,-9,0,0,-10,0,0,0,0,0,0,0,0,0,-6,0,0,0,-6,-6,-6,-6,-4,-6,-6,-6,-7,-1]} 1. d4 Nf6 2. c4 e6 3. g3 d5 4. Nf3 Be7 5. Bg2 O-O 6. O-O dxc4 7. Qc2 a6 8. a4 Bd7 9. Qxc4 Bc6 10. Bf4 Nbd7 11. Nc3 Nb6 {E05: Open Catalan: 5 Nf3 Be7} (11... Bd6 12. e3 Nb6 13. Qb3 Bxf4 14. gxf4 a5 15. Ne5 Bxg2 16. Kxg2 Nbd5 17. Rg1 Rc8 18. Rac1 Nb4 19. Qc4 {0-1 (63) Eljanov,P (2751)-Kramnik,V (2811) Shamkir 2017}) 12. Qd3 {LiveBook: 16 Games} Nbd5 13. Nxd5 Bxd5 14. Rac1 Rc8 15. Nd2 $146 (15. Ne5 $5 {[%cal Re2e4]} Bxg2 16. Kxg2 $11) ({Predecessor:} 15. Rfe1 Be4 16. Qb3 {½-½ (16) Reh,P (2105)-Kloss,T Germany 1995}) 15... Bxg2 16. Kxg2 c5 17. dxc5 Qxd3 18. exd3 Bxc5 19. Ne4 Nxe4 20. dxe4 Bd4 21. Bd6 Rfd8 22. b3 f6 23. Ba3 Kf7 24. Rxc8 Rxc8 25. Rc1 Rxc1 26. Bxc1 f5 27. exf5 exf5 28. Kf3 Ke6 29. Be3 Bf6 $11 30. Ke2 Kd5 31. Kd3 g6 32. h3 h5 33. f3 Be5 34. g4 fxg4 35. fxg4 hxg4 36. hxg4 Bf6 37. Bf2 Be5 38. Be3 Bf6 39. Bg1 Be5 40. Be3 Bf6 {Ke4+} 1-0